| 000 | 01407nam a2200373 a 4500 | ||
|---|---|---|---|
| 001 | ebr10671553 | ||
| 003 | CaPaEBR | ||
| 006 | m u | ||
| 007 | cr cn||||||||| | ||
| 008 | 121116s2013 enkad sb 001 0 eng d | ||
| 010 | _z 2012045884 | ||
| 020 | _z9781405199766 (cloth) | ||
| 020 | _z9781118554326 (e-book) | ||
| 040 |
_aCaPaEBR _cCaPaEBR |
||
| 035 | _a(OCoLC)819105403 | ||
| 050 | 1 | 4 |
_aHD1393.55 _b.J66 2013eb |
| 082 | 0 | 4 |
_a333.33/87 _223 |
| 100 | 1 |
_aJones, Colin, _d1949 Jan. 13- |
|
| 245 | 1 | 0 |
_aOffice markets & public policy _h[electronic resource] / _cColin Jones. |
| 246 | 3 | _aOffice markets and public policy | |
| 260 |
_aChichester, West Sussex : _bJohn Wiley & Sons Inc., _c2013. |
||
| 300 |
_aviii, 236 p. : _bill. |
||
| 490 | 1 | _aReal estate issues | |
| 504 | _aIncludes bibliographical references and index. | ||
| 533 |
_aElectronic reproduction. _bPalo Alto, Calif. : _cebrary, _d2013. _nAvailable via World Wide Web. _nAccess may be limited to ebrary affiliated libraries. |
||
| 650 | 0 | _aOffice buildings. | |
| 650 | 0 | _aCentral business districts. | |
| 650 | 0 | _aCity planning. | |
| 650 | 0 | _aLand use, Urban. | |
| 655 | 7 |
_aElectronic books. _2local |
|
| 710 | 2 | _aebrary, Inc. | |
| 830 | 0 | _aReal estate issues (Oxford, England) | |
| 856 | 4 | 0 |
_uhttp://site.ebrary.com/lib/rucke/Doc?id=10671553 _zAn electronic book accessible through the World Wide Web; click to view |
| 999 |
_c62900 _d62900 |
||